Catálogo
 En Linea

La pequeña antología : (Registro nro. 10964)

Detalles MARC
000 -CABECERA
campo de control de longitud fija 01028nam a2200205 a 4500
001 - NÚMERO DE CONTROL
campo de control 000011245
005 - FECHA Y HORA DE LA ÚLTIMA TRANSACCIÓN
campo de control 20200929162410.0
008 - DATOS DE LONGITUD FIJA--INFORMACIÓN GENERAL
campo de control de longitud fija 091015s1970 dr 000 p spa d
040 ## - FUENTE DE LA CATALOGACIÓN
Centro catalogador/agencia de origen DO-SdBNP
Lengua de catalogación spa
Centro/agencia transcriptor BNPHU
082 ## - NÚMERO DE LA CLASIFICACIÓN DECIMAL DEWEY
Número de clasificación RD861.44
Número de documento/Ítem P425a
049 ## - FONDOS LOCALES (OCLC)
Fondos de biblioteca BNPD
245 03 - MENCIÓN DE TÍTULO
Título La pequeña antología :
Resto del título poetas de la cámara de los doce /
Mención de responsabilidad, etc. presentación R. E. Záiter L.
260 ## - PUBLICACIÓN, DISTRIBUCIÓN, ETC.
Lugar de publicación, distribución, etc. Santo Domingo :
Nombre del editor, distribuidor, etc. Editorial Ovaciones,
Fecha de publicación, distribución, etc. 1970.
300 ## - DESCRIPCIÓN FÍSICA
Extensión 85 p. ;
Dimensiones 22 cm.
490 1# - MENCIÓN DE SERIE
Mención de serie La Cámara
500 ## - NOTA GENERAL
Nota general Edición especial para la exposición mundial del libro y festival internacional. de la cultura, 1970.
505 2# - NOTA DE CONTENIDO CON FORMATO
Nota de contenido con formato Dedicatoria -- Presentación -- Domingo Moreno Jimenes -- María Díaz de Ster -- Juan E. Padilla B. -- Esmerina Solano -- Mariano Lebrón Saviñón -- Colombina de Castellanos -- Taschid E. Záiter L. -- Licía Castillo -- Antono Fría sGálvez -- María Cristina de Farías -- Dimas E. Santos C. -- Selección de Puntos -- Índice .
700 1# - PUNTO DE ACCESO ADICIONAL--NOMBRE DE PERSONA
Nombre de persona Záiter L., Raschid E.
9 (RLIN) 26811
830 #0 - PUNTO DE ACCESO ADICIONAL DE SERIE-TÍTULO UNIFORME
Título uniforme La Cámara
9 (RLIN) 24916
Existencias
Estado de retiro Estado de pérdida Restricciones de uso No para préstamo Código de colección Localización permanente Ubicación/localización actual Ubicación en estantería Fecha de adquisición Número de inventario Total de préstamos Signatura topográfica completa Código de barras Fecha visto por última vez Número de copia Precio válido a partir de Tipo de ítem Koha
        Dominicana de Servicio General General En catalogación 18.04.2011 LF1   RD861.44 P425a 11245-30 25.06.2020 e. 3 25.06.2020 Libro y Folleto Colección Dominicana de Servicio
      Excluido de préstamo Patrimonio Dominicano Patrimonio Dominicano Patrimonio Dominicano En catalogación 15.10.2009 LF1   RD861.44 P425a 11245-10 25.06.2020   25.06.2020 Libro y Folleto Colección Patrimonio Dominicano
      Excluido de préstamo Patrimonio Dominicano Patrimonio Dominicano Patrimonio Dominicano En catalogación 15.10.2009 LF1   RD861.44 P425a 11245-20 25.06.2020 e. 2 25.06.2020 Libro y Folleto Colección Patrimonio Dominicano

Con tecnología Koha